RICS real estate management (Record no. 114926)
[ view plain ]
| 000 -LEADER | |
|---|---|
| fixed length control field | 01494cad a22003015a 4500 |
| 001 - CONTROL NUMBER | |
| control field | L157697 |
| 008 - FIXED-LENGTH DATA ELEMENTS--GENERAL INFORMATION | |
| fixed length control field | 130313s2013 xxk 000 0 eng u |
| 020 ## - INTERNATIONAL STANDARD BOOK NUMBER | |
| International Standard Book Number | 9781842199220 |
| 035 ## - SYSTEM CONTROL NUMBER | |
| System control number | (Sirsi) u157697 |
| 041 0# - LANGUAGE CODE | |
| Language code of text/sound track or separate title | eng |
| 110 2# - MAIN ENTRY--CORPORATE NAME | |
| Corporate name or jurisdiction name as entry element | Royal Institution of Chartered Surveyors |
| 9 (RLIN) | 4900 |
| 245 05 - TITLE STATEMENT | |
| Title | RICS real estate management |
| Remainder of title | RICS guidance note |
| Medium | [electronic resource] |
| 250 ## - EDITION STATEMENT | |
| Edition statement | 1st |
| 260 ## - PUBLICATION, DISTRIBUTION, ETC. | |
| Place of publication, distribution, etc. | Coventry |
| Name of publisher, distributor, etc. | RICS |
| Date of publication, distribution, etc. | 2013 |
| 350 ## - PRICE (NR) (BK AM CF MU VM SE) [OBSOLETE] | |
| Price | 20 |
| 490 #0 - SERIES STATEMENT | |
| Series statement | RICS Guidance Note |
| 490 #0 - SERIES STATEMENT | |
| Series statement | RICS Practice Standards, Global |
| 520 ## - SUMMARY, ETC. | |
| Summary, etc. | OUT OF DATE, SUPERSEDED BY 2ND EDITION (ISBN 9781783210732), ARCHIVED |
| 520 ## - SUMMARY, ETC. | |
| Summary, etc. | Provides best practice guidance for real estate managers so that clients receive objective advice consistent with internationally recognised standards. Sets a framework for best practice in the execution and delivery of real estate management services, subject to local legislative requirements and local market specifics. Offers generic guidance applicable to the management of both residential and commercial real estate and will help meet relevant laws and ethical codes in all RICS world regions. |
| 590 ## - LOCAL NOTE (RLIN) | |
| Local note | KA |
| 651 #4 - SUBJECT ADDED ENTRY--GEOGRAPHIC NAME | |
| Geographic name | International |
| 690 ## - LOCAL SUBJECT ADDED ENTRY--TOPICAL TERM (OCLC, RLIN) | |
| Topical term or geographic name as entry element | Property management |
| 9 (RLIN) | 6262 |
| 690 ## - LOCAL SUBJECT ADDED ENTRY--TOPICAL TERM (OCLC, RLIN) | |
| Topical term or geographic name as entry element | Commercial property |
| 9 (RLIN) | 6227 |
| 690 ## - LOCAL SUBJECT ADDED ENTRY--TOPICAL TERM (OCLC, RLIN) | |
| Topical term or geographic name as entry element | Residential property |
| 9 (RLIN) | 6266 |
| 856 40 - ELECTRONIC LOCATION AND ACCESS | |
| Uniform Resource Identifier | <a href="https://www.rics.org/Global/Real_Estate_Management_1st_edition_PGguidance_2013.pdf">https://www.rics.org/Global/Real_Estate_Management_1st_edition_PGguidance_2013.pdf</a> |
| Public note | RICS members can access this guidance online at www.rics.org |
| 942 ## - ADDED ENTRY ELEMENTS (KOHA) | |
| Suppress in OPAC | 0 |
| Withdrawn status | Lost status | Source of classification or shelving scheme | Damaged status | Not for loan | Home library | Current library | Shelving location | Date acquired | Total Checkouts | Full call number | Barcode | Date last seen | Copy number | Price effective from | Koha item type |
|---|---|---|---|---|---|---|---|---|---|---|---|---|---|---|---|
| Dewey Decimal Classification | Archives | Archives | Books | 16/04/2015 | RICS 2013/18 | 30078799 | 06/08/2019 | 1 | 06/08/2019 | Archive | |||||
| Dewey Decimal Classification | London | London | RICS Boxes | 16/04/2015 | RICS 2013/18 | 30078792 | 06/08/2019 | 1 | 06/08/2019 | Book | |||||
| Dewey Decimal Classification | London | London | Books | 16/04/2015 | RICS 2013/18 | 30078793 | 06/08/2019 | 2 | 06/08/2019 | Book | |||||
| Dewey Decimal Classification | Virtual | Virtual | Online | 13/03/2013 | ONLINE PUBLICATION | 157697-2001 | 06/08/2019 | 1 | 06/08/2019 | Book |